[Event "DVM U20 2013"]
[Site "Osnabrück GER"]
[Date "2013.12.29"]
[Round "5"]
[White "Beinke, Lukas"]
[Black "Tran, Duc Cuong"]
[Result "0-1"]
[Termination "normal"]
[Board "7.2"]
[WhiteElo "1910"]
[BlackElo "2086"]
[WhiteTeam "Hagener SV"]
[BlackTeam "LSV Turm Lippstadt"]
[WhiteFideId "12902535"]
[BlackFideId "24689718"]
[EventCountry "GER"]
[EventRounds "7"]
[EventType "team-swiss"]
[EventDate "2013.12.26"]

1. e4 c5 2. c4 Nc6 3. Ne2 e5 4. Nbc3 g6 5. g3 Bg7 6. Bg2 d6 7. O-O Be6 8. d3
Qd7 9. f4 h5 10. Be3 Nd4 11. Bxd4 cxd4 12. Nd5 h4 13. Qd2 Bxd5 14. exd5 Nh6 15.
fxe5 dxe5 16. c5 O-O 17. c6 bxc6 18. dxc6 Qd6 19. Rfc1 Nf5 20. c7 Bh6 21. Qxh6
Nxh6 22. Bxa8 Rc8 23. Rc6 Qd7 24. Rac1 Qh3 25. Kf2 Qxh2+ 26. Ke1 Rxa8 27. Rd6
e4 28. Rd8+ Kg7 29. Kd2 e3+ 30. Kc2 Qxe2+ 31. Kb1 Qxd3+ 32. Ka1 Rxd8 33. cxd8=Q
Qd2 34. Kb1 e2 35. Qe8 Qd3+ 36. Ka1 hxg3 37. a3 g2 38. Qe5+ Kh7 39. Ka2 Qf5 40.
Qxe2 Qd5+ 41. Ka1 Nf5 42. Rg1 Ne3 43. Qf2 Kg7 44. Rc1 Qg5 45. Ka2 Qg4 46. Rg1
Qe6+ 47. Ka1 Qc4 48. Rxg2 Nxg2 49. Qxg2 Qc1+ 50. Ka2 Qe3 51. Qc2 g5 52. a4 d3
53. Qc3+ Kg6 54. Ka3 Qe2 55. Qc6+ f6 56. Qd5 d2 57. Qg8+ Kh5 58. Qh7+ Kg4 59.
Qd7+ Kg3 60. Qd6+ Kg2 0-1

[Event "DVM U20 2013"]
[Site "Osnabrück GER"]
[Date "2013.12.29"]
[Round "5"]
[White "Kuckling, Jonas"]
[Black "Rieping, Heiner"]
[Result "1/2-1/2"]
[Termination "normal"]
[Board "7.3"]
[WhiteElo "1625"]
[BlackElo "1900"]
[WhiteTeam "LSV Turm Lippstadt"]
[BlackTeam "Hagener SV"]
[WhiteFideId "24603856"]
[BlackFideId "24647012"]
[EventCountry "GER"]
[EventRounds "7"]
[EventType "team-swiss"]
[EventDate "2013.12.26"]

1. d4 d5 2. c4 e6 3. Nc3 f5 4. Nf3 Nf6 5. Bf4 c6 6. e3 Be7 7. Bd3 O-O 8. Qe2
Ne4 9. O-O Bd7 10. Rac1 Be8 11. Rc2 Bh5 12. Nb1 Nd7 13. Rfc1 Qe8 14. cxd5 exd5
15. Nbd2 g5 16. Bg3 g4 17. Ne1 Bb4 18. Bxe4 fxe4 19. a3 Be7 20. b4 a6 21. Nb3
1/2-1/2

[Event "DVM U20 2013"]
[Site "Osnabrück GER"]
[Date "2013.12.29"]
[Round "5"]
[White "Pappert, Florian"]
[Black "Kuckling, Linus"]
[Result "1/2-1/2"]
[Termination "normal"]
[Board "7.4"]
[WhiteElo "1754"]
[BlackElo "1672"]
[WhiteTeam "Hagener SV"]
[BlackTeam "LSV Turm Lippstadt"]
[BlackFideId "24658243"]
[EventCountry "GER"]
[EventRounds "7"]
[EventType "team-swiss"]
[EventDate "2013.12.26"]

1. e4 e5 2. Nf3 d6 3. Bc4 Be7 4. Nc3 Nf6 5. d3 O-O 6. Be3 c6 7. d4 b5 8. Bd3
exd4 9. Nxd4 a6 10. Nf5 Bxf5 11. exf5 Nbd7 12. O-O Ne5 13. f4 Nxd3 14. Qxd3 Re8
15. Rfe1 Ng4 16. h3 Nxe3 17. Rxe3 Qb6 18. Kh1 Bf8 19. Rae1 Rxe3 20. Qxe3 Qxe3
21. Rxe3 d5 22. Ne2 Bd6 23. g3 Kf8 24. Kg2 Re8 25. Kf3 Rxe3+ 26. Kxe3 c5 27. g4
Ke7 28. Ng3 a5 29. Nh5 g6 30. fxg6 fxg6 31. Ng3 a4 32. Ne2 Kf6 33. Kf3 b4 34.
b3 axb3 35. axb3 Bc7 36. Ke3 g5 37. f5 Be5 38. Kd3 Ke7 1/2-1/2

[Event "DVM U20 2013"]
[Site "Osnabrück GER"]
[Date "2013.12.29"]
[Round "5"]
[White "Scheer, Maximilian"]
[Black "Balazs, Kata"]
[Result "1/2-1/2"]
[Termination "normal"]
[Board "7.5"]
[WhiteElo "1752"]
[BlackElo "1555"]
[WhiteTeam "LSV Turm Lippstadt"]
[BlackTeam "Hagener SV"]
[WhiteFideId "12927732"]
[BlackFideId "12922773"]
[EventCountry "GER"]
[EventRounds "7"]
[EventType "team-swiss"]
[EventDate "2013.12.26"]

1. e4 d5 2. exd5 Qxd5 3. Nc3 Qa5 4. d4 Nf6 5. Nf3 Bg4 6. h3 Bxf3 7. Qxf3 c6 8.
Bc4 e6 9. O-O Be7 10. Ne4 Nbd7 11. c3 O-O 12. Bf4 Nxe4 13. Qxe4 Nf6 14. Qc2
Rad8 15. Rfe1 Bd6 16. b4 Qc7 17. Bg5 Be7 18. Bd3 h6 19. Bh4 Nd5 20. Bxe7 Qxe7
21. a3 Rfe8 22. Rad1 a6 23. Qb3 Rd7 24. a4 Red8 25. Qc4 1/2-1/2

[Event "DVM U20 2013"]
[Site "Osnabrück GER"]
[Date "2013.12.29"]
[Round "5"]
[White "Vogel, Jannis"]
[Black "Valledor Pereira, Dominik Damian"]
[Result "1/2-1/2"]
[Termination "normal"]
[Board "7.6"]
[WhiteElo "1513"]
[BlackElo "1571"]
[WhiteTeam "Hagener SV"]
[BlackTeam "LSV Turm Lippstadt"]
[WhiteFideId "4635744"]
[BlackFideId "1271860"]
[EventCountry "GER"]
[EventRounds "7"]
[EventType "team-swiss"]
[EventDate "2013.12.26"]

1. d4 Nf6 2. c4 c5 3. d5 b5 4. cxb5 a6 5. bxa6 Bxa6 6. Nc3 g6 7. Nf3 d6 8. e4
Bxf1 9. Kxf1 Nbd7 10. b3 Bg7 11. Nd2 O-O 12. Bb2 Ne5 13. Qe2 Re8 14. f4 Ned7
15. Nc4 Nb6 16. Nb5 Nxc4 17. bxc4 e6 18. e5 dxe5 19. fxe5 exd5 20. cxd5 Nxd5
1/2-1/2

[Event "DVM U20 2013"]
[Site "Osnabrück GER"]
[Date "2013.12.29"]
[Round "5"]
[White "Peng, Xiang-Tobias"]
[Black "Pfatteicher, Lukas"]
[Result "0-1"]
[Termination "normal"]
[Board "8.1"]
[WhiteElo "1936"]
[BlackElo "2001"]
[WhiteTeam "Heilbronner SV"]
[BlackTeam "Karlsruher SF 1853"]
[WhiteFideId "12964328"]
[BlackFideId "12968919"]
[EventCountry "GER"]
[EventRounds "7"]
[EventType "team-swiss"]
[EventDate "2013.12.26"]

1. e4 c5 2. c4 e6 3. Nc3 Nc6 4. g3 g6 5. Bg2 Bg7 6. Nge2 Nge7 7. d3 O-O 8. Be3
d6 9. Qd2 Nd4 10. O-O Nec6 11. Rab1 Rb8 12. Bxd4 Nxd4 13. a3 a6 14. b4 b5 15.
Rfc1 Bd7 16. Nxd4 cxd4 17. Ne2 Qe7 18. Rc2 Rfc8 19. Rbc1 e5 20. c5 dxc5 21.
Rxc5 Rxc5 22. bxc5 Rc8 23. Qa5 Bf8 24. c6 Rxc6 25. Rxc6 Bxc6 26. Qxa6 Qb7 27.
Qa5 Qe7 28. Qa6 Bd7 29. f4 Qxa3 30. Qxa3 Bxa3 31. fxe5 Bc5 32. Kf2 b4 33. Ke1
g5 34. Kd2 Be6 35. Kc2 Kf8 36. Nc1 Ke7 37. Nb3 Bb6 38. Nd2 Kd7 39. Nc4 Bc5 40.
Bf3 g4 41. Bd1 h5 42. Kd2 Bxc4 43. dxc4 d3 44. Kxd3 Ke6 45. Bb3 Kxe5 46. Ba2 f6
47. Bb3 Ke6 48. Ba4 Ke7 49. Ke2 Kf7 50. Bd7 b3 51. Kd3 Bb4 52. Bf5 Kg7 53. Kd4
b2 54. e5 fxe5+ 55. Kxe5 Bc5 56. Kd5 Bg1 57. c5 Bxh2 58. Kd4 Bxg3 59. Kc4 Be5
60. c6 Kf6 61. Be4 Ke7 62. Kb3 Kd6 63. Bg6 h4 64. Bf5 g3 65. Be4 h3 66. Bf5 g2
0-1

[Event "DVM U20 2013"]
[Site "Osnabrück GER"]
[Date "2013.12.29"]
[Round "5"]
[White "Bykov, Ilya"]
[Black "Wenninger, Patrick"]
[Result "1/2-1/2"]
[Termination "normal"]
[Board "8.2"]
[WhiteElo "1697"]
[BlackElo "1698"]
[WhiteTeam "Karlsruher SF 1853"]
[BlackTeam "Heilbronner SV"]
[WhiteFideId "12918059"]
[BlackFideId "12927880"]
[EventCountry "GER"]
[EventRounds "7"]
[EventType "team-swiss"]
[EventDate "2013.12.26"]

1. d3 d5 2. Nf3 Nf6 3. g3 g6 4. Bg2 Bg7 5. O-O O-O 6. Nc3 b6 7. Bf4 Bb7 8. Qc1
Re8 9. Nb5 Na6 10. d4 c6 11. Na3 Nc7 12. c4 Ne6 13. Be5 Rc8 14. Bh3 Nd7 15.
Bxe6 fxe6 16. Bxg7 Kxg7 17. Ne5 Nf8 18. Qf4 Qd6 19. Qf7+ Kh8 20. Qxe8 Rxe8 21.
Nf7+ Kg7 22. Nxd6 exd6 23. b4 Nd7 24. e3 Nf6 25. Rfc1 Re7 26. b5 c5 27. dxc5
dxc5 28. Rd1 Ne4 29. f3 Ng5 30. f4 Nf3+ 31. Kg2 d4 32. exd4 Nxd4+ 33. Kf2 Kf6
34. Rd2 Nf3 35. Rd8 Nxh2 36. Rad1 Ng4+ 37. Kg1 e5 38. R1d7 exf4 39. Rf8+ Ke6
40. Rxe7+ Kxe7 41. Rxf4 Ne5 42. Nc2 g5 43. Rf2 Nxc4 44. Rh2 Be4 45. Re2 Nd6 46.
a4 Ke6 47. Kf2 Kd5 48. Rd2+ Ke6 49. Ne3 Bg6 50. Kf3 Ne4 51. Rd8 Nc3 52. Kg4
Nxa4 53. Kxg5 Nc3 54. g4 Nxb5 55. Nd5 Bb1 56. Nf4+ Ke7 57. Rc8 Nd6 58. Rc7+ Ke8
59. Rxa7 b5 60. Kf6 Ne4+ 61. Ke5 Nf2 62. g5 Nd3+ 63. Nxd3 Bxd3 64. Rc7 1/2-1/2

[Event "DVM U20 2013"]
[Site "Osnabrück GER"]
[Date "2013.12.29"]
[Round "5"]
[White "Biefel, Christian"]
[Black "Ospina Ocampo, Camilo"]
[Result "1/2-1/2"]
[Termination "normal"]
[Board "8.3"]
[WhiteElo "1764"]
[BlackElo "1855"]
[WhiteTeam "Heilbronner SV"]
[BlackTeam "Karlsruher SF 1853"]
[WhiteFideId "24692646"]
[BlackFideId "12907030"]
[EventCountry "GER"]
[EventRounds "7"]
[EventType "team-swiss"]
[EventDate "2013.12.26"]

1. c4 e5 2. Nc3 Nf6 3. g3 Nc6 4. Bg2 Bc5 5. e3 d6 6. Nge2 a6 7. d4 Ba7 8. O-O
h5 9. f4 exd4 10. Nxd4 Bd7 11. h3 Rh6 12. Kh2 Qe7 13. Re1 Kf8 14. Nxc6 Bxc6 15.
Nd5 Qd7 16. b3 Re8 17. Qd3 Bxd5 18. Bxd5 Nxd5 19. cxd5 Qb5 20. Qxb5 axb5 21. e4
h4 22. Be3 hxg3+ 23. Kxg3 Bxe3 24. Rxe3 c5 25. e5 dxe5 26. fxe5 Rd6 27. Rd1 Rd7
28. Kf4 Ke7 29. Rc3 b6 30. Rd2 1/2-1/2

[Event "DVM U20 2013"]
[Site "Osnabrück GER"]
[Date "2013.12.29"]
[Round "5"]
[White "Joeres, Stefan"]
[Black "Mikeler, Marcel"]
[Result "1/2-1/2"]
[Termination "normal"]
[Board "8.4"]
[WhiteElo "1477"]
[BlackElo "1729"]
[WhiteTeam "Karlsruher SF 1853"]
[BlackTeam "Heilbronner SV"]
[WhiteFideId "12983160"]
[BlackFideId "12927856"]
[EventCountry "GER"]
[EventRounds "7"]
[EventType "team-swiss"]
[EventDate "2013.12.26"]

1. e4 c6 2. d4 d5 3. Nd2 dxe4 4. Nxe4 Bf5 5. Ng3 Bg6 6. Nf3 Nd7 7. Bc4 e6 8.
Bf4 Ngf6 9. c3 Be7 10. Qe2 O-O 11. O-O b5 12. Bb3 Qb6 13. Bxe6 Rfe8 14. Bf5 Bd6
15. Qd2 Bxf4 16. Qxf4 c5 17. Bxg6 hxg6 18. Rad1 cxd4 19. Rxd4 Nc5 20. Rd6 Qb7
21. Ng5 Nce4 22. Rd4 Nxg5 23. Qxg5 Re6 24. Qd2 Qe7 25. Rd1 Re8 26. Rd8 Kf8 27.
Kf1 a6 28. Rxe8+ Kxe8 29. Re1 Kf8 30. Rxe6 Qxe6 31. a3 Qc4+ 32. Kg1 Nd5 33. Qg5
Ne7 34. Qe5 f6 35. Qe2 Qd5 36. Nf1 Nc6 37. Ne3 Qd6 38. Qd1 Qc7 39. Qd5 Qb7 40.
Qd6+ Kf7 41. Nd5 a5 42. Nc7 Ne7 43. h3 f5 44. Ne6 Qd5 45. Qxd5 Nxd5 46. Nd8+
Kf6 47. Nc6 a4 48. Nd4 Nb6 49. Nxb5 Nc4 50. Kf1 Nxb2 51. Ke2 Ke5 52. Ke3 g5 53.
g3 Nc4+ 54. Kd3 Nb2+ 1/2-1/2

[Event "DVM U20 2013"]
[Site "Osnabrück GER"]
[Date "2013.12.29"]
[Round "5"]
[White "Ignatov, Dmitriy"]
[Black "Joeres, Roman"]
[Result "1/2-1/2"]
[Termination "normal"]
[Board "8.5"]
[WhiteElo "1706"]
[BlackElo "1500"]
[WhiteTeam "Heilbronner SV"]
[BlackTeam "Karlsruher SF 1853"]
[WhiteFideId "12927872"]
[BlackFideId "12964816"]
[EventCountry "GER"]
[EventRounds "7"]
[EventType "team-swiss"]
[EventDate "2013.12.26"]

1. e4 e6 2. d4 d5 3. Nc3 Bb4 4. e5 c5 5. a3 Bxc3+ 6. bxc3 c4 7. Qg4 Kf8 8. h4
f5 9. Qg3 h6 10. Ne2 Ne7 11. Nf4 Qe8 12. Be2 Rg8 13. Rh3 Bd7 14. Nh5 Qf7 15.
Qf3 Rh8 16. Rg3 g6 17. Nf6 Ba4 18. Kd1 Nd7 19. Nxd7+ Bxd7 20. Rb1 b6 21. h5 g5
22. Bd2 g4 23. Qf4 Qxh5 24. Bxg4 Qh1+ 25. Be1 Ng6 26. Qf3 Nh4 27. Rh3 Nxf3 28.
Rxh1 Nxe1 29. Bh3 Nxc2 30. Kxc2 Ke7 31. f4 Rag8 32. Rbe1 Be8 33. Reg1 Bh5 34.
Bxf5 Bg6 35. Bxg6 Rxg6 36. Rh3 Rg4 37. g3 Rg7 38. Kd2 Kf7 39. Ke2 Rg4 40. Kf3
h5 41. Rxh5 Rxg3+ 42. Rxg3 Rxh5 43. Ke3 Rh2 44. Rg5 Ra2 45. Rh5 Rxa3 46. Kd2 a5
47. Rh7+ Kf8 48. Rh6 Kf7 1/2-1/2

[Event "DVM U20 2013"]
[Site "Osnabrück GER"]
[Date "2013.12.29"]
[Round "5"]
[White "Ospina Ocampo, Antonio"]
[Black "Thren, Christian"]
[Result "0-1"]
[Termination "normal"]
[Board "8.6"]
[WhiteElo "1320"]
[BlackElo "1543"]
[WhiteTeam "Karlsruher SF 1853"]
[BlackTeam "Heilbronner SV"]
[WhiteFideId "12946362"]
[BlackFideId "12964344"]
[EventCountry "GER"]
[EventRounds "7"]
[EventType "team-swiss"]
[EventDate "2013.12.26"]

1. e4 d5 2. exd5 Qxd5 3. Nf3 Bg4 4. Be2 Nf6 5. O-O Nc6 6. Re1 e6 7. Nc3 Qd6 8.
d3 a6 9. Nh4 Bxe2 10. Qxe2 Nd4 11. Qd1 Be7 12. Ne4 Nxe4 13. Rxe4 O-O-O 14. Nf3
Nxf3+ 15. Qxf3 f5 16. Re2 Bf6 17. Rb1 Kb8 18. b3 g6 19. Be3 Rhe8 20. Rbe1 e5
21. Bc1 Re7 22. Qg3 Rde8 23. Bg5 Bxg5 24. Qxg5 Re6 25. a4 e4 26. dxe4 Rxe4 27.
Rxe4 Rxe4 28. Qc1 Rd4 29. h3 Rd2 30. Kf1 Qd4 0-1